[Event "Julian Borowski-A 4th"]
[Site "Essen"]
[Date "2002.05.24"]
[Round "8"]
[White "Kortschnoj, Viktor Lvovich"]
[Black "Jussupow, Artur"]
[Result "1-0"]
[WhiteElo "2635"]
[BlackElo "2618"]
[Annotator "Kortschnoj,V"]
[PlyCount "71"]
[EventDate "2002.05.16"]
[EventType "tourn"]
[EventRounds "9"]
[EventCountry "GER"]
[EventCategory "16"]
[SourceTitle "CBM 090"]
[Source "ChessBase"]
[SourceDate "2002.09.20"]
[SourceVersion "1"]
[SourceVersionDate "2002.09.20"]
[SourceQuality "1"]

1. d4 {Tsesarsky} d5 2. c4 c6 3. Nf3 e6 4. Qc2 dxc4 $6 {Old-fashioned 
(presumably) views of the first half of the 20-th century say: giving up a
stronghold in the centre would facilitate white to seize the initiative.
Whether the revision of those views will help to the further development of
the chess art is a question.} 5. Qxc4 b5 $2 {Fianchetto accellerated?} 6. Qc2
Bb7 7. e4 Nd7 ({Better looks} 7... Nf6 {Tsesarsky} 8. Be2 (8. Bd3 {Tsesarsky}
Nbd7 9. O-O (9. Bg5 {Tsesarsky} a6 10. Qe2 h6 11. Bxf6 Qxf6 12. a4 Bb4+ 13.
Nbd2 e5 14. O-O O-O 15. Nxe5 Nxe5 16. dxe5 Qxe5 17. Nf3 Qf4 18. e5 c5 $11 {
1/2-1/2 Ovetchkin,R-Geller,J/Togliatty RUS 2001/The Week in Chess 354 (28)})
9... a6 10. Qe2 c5 11. Bg5 cxd4 12. e5 h6 (12... Bxf3 {Tsesarsky} 13. gxf3 $16)
13. exf6 gxf6 (13... hxg5 {Tsesarsky} 14. Qxe6+ $3 {1-0 Tunik,G-Geller,J/
Togliatty RUS 2001/The Week in Chess 354 (14)}) 14. Bf4 $16) 8... Qb6 (8...
Nbd7 {Tsesarsky} 9. O-O Qb6 10. Nc3 a6 11. e5 Nd5 12. Nxd5 cxd5 13. Bd3 Rc8 14.
Qe2 Be7 15. h4 $14 {1-0 Timoscenko,G-Delabaca,R/Valle d'Aosta ITA 2002/The
Week in Chess 379 (34)}) 9. Nc3 a6 10. Bg5 Nbd7 11. Rd1 h6 12. Bh4 b4 13. Na4
b3 14. axb3 Qb4+ 15. Nc3 c5 16. d5 exd5 17. exd5 Bxd5 18. Rxd5 $1 Nxd5 19. Bc4
N5f6 20. O-O Bd6 21. Re1+ Kf8 22. Qd3 Qb8 23. Ne4 Be7 24. Nxf6 Nxf6 25. Ne5 $18
{1-0 Timoscenko,G-Lanzani,M/Saint Vincent 2000/CBM 74 ext (31)}) (7... a6 {
Tsesarsky} 8. Nc3 (8. Be2 {Tsesarsky} Nd7 9. O-O Ngf6 10. Bg5 h6 11. Bh4 Qb6
12. Rd1 c5 13. d5 exd5 14. exd5 Bxd5 15. a4 $44 {1/2-1/2 Jakobsen,L-Leer
Salvesen,B/Gausdal NOR 2002/The Week in Chess 388 (31)}) 8... Nd7 9. Be2 c5 10.
d5 exd5 11. Nxd5 Ngf6 12. O-O Nxd5 13. exd5 Be7 14. Bf4 O-O 15. Rad1 Re8 16.
Rfe1 $14 {0-1 Fyllingen,R-Lahlum,H/Bergen 2000/CBM 77 ext (68)}) 8. Bg5 {
'!' Tsesarsky. Tsesarsky: 'This move's idea isn't new: Bc1 is developed with
tempo.'} (8. a4 {Tsesarsky} Rc8 9. Bg5 $1 Be7 10. Bxe7 Nxe7 11. Nbd2 (11. b4 {
Tsesarsky} a5 12. Qb2 axb4 13. Qxb4 (13. axb5 {Tsesarsky} cxb5 14. Nbd2 O-O 15.
Qxb4 Nf6 16. Bd3 Nc6 $11) 13... c5 14. dxc5 O-O 15. Bxb5 Nxc5 16. Nbd2 Qd6 $14
{[%csl Re4]}) 11... O-O 12. Nb3 Ng6 13. Nc5 Qa5+ 14. Nd2 (14. Qd2 {Tsesarsky}
Qc7 15. Qc3 (15. Qc2 {Tsesarsky} Rfd8 $132 {[%cal Ge6e5]}) 15... Rfd8 {[%csl
Rf1][%cal Ge6e5]} 16. g3 a5 17. Be2 b4 18. Qe3 e5 $132 {1/2-1/2 Popov,R-Popov,
V/Krasnodar 1997/EXT 2000 (30)}) 14... Nxc5 15. Qxc5 Rfd8 16. b4 Qb6 17. Nb3
$14 {[%csl Rb7]}) 8... Qb6 {After 8...Be7 white was going to exchange the
bishops, thus getting full control over the square c5, but 8...Ngf6 was a
worth trying.} ({In case of} 8... Be7 {Tsesarsky} 9. Bxe7 Nxe7 10. Nbd2 {
[%csl Rc5] It isn't easy for Black to organize c6-c5 promotion.}) (8... Ngf6 {
Tsesarsky} 9. e5 (9. Nbd2 $5 {Tsesarsky}) 9... h6 10. Bd2 (10. Bh4 {Tsesarsky}
g5 11. exf6 gxh4 12. Nbd2 Rg8 $15) 10... Nd5 11. Nc3 $14) 9. a4 {Tsesarsky:
'The struggle in this variation goes surround c6-c5 break, and the last move
prevents c6-c5. '} (9. Nc3 {Tsesarsky} Ngf6 10. Bd3 h6 11. Bxf6 Nxf6 12. O-O
Be7 13. e5 (13. Rfc1 $5 {Tsesarsky} a6 14. a4 Nd7 $14 {[%cal Gc6c5]}) 13... Nd7
14. Ne4 c5 $1 $11 {0-1 Timon Piote,S-Wang Lei/Istanbul 2000/EXT 2001 (33)})
9... Bb4+ {Or} (9... bxa4 10. Nc3) 10. Nc3 Ngf6 11. Bd3 (11. e5 Nd5 12. Bd3 {
was also strong.}) 11... c5 $1 {Tsesarsky: 'This move is definitely mistake.'
Kortschnoj: The best chance. Otherwise after} (11... bxa4 12. O-O {white has a
big advantage.}) 12. dxc5 ({Not} 12. Bxf6 $6 {Tsesarsky} Nxf6 13. Bxb5+ Kf8 ({
Badly is} 13... Ke7 $2 {Tsesarsky} {in view of} 14. e5 $1 {and Black can't
capture on f3 because of intermediate check: e5xf6+.} Nd5 15. O-O $16 {[%csl
Re7]}) 14. dxc5 Qxc5 $44 {[%csl Re4]}) 12... Nxc5 (12... Bxc5 13. axb5 $16) 13.
Bxb5+ Kf8 {'+/-' Tsesarsky. Tsesarsky: 'We've seen this position with small
difference: without Nc5 and Bg5. These pieces presence on the board gives to
White an advantage.'} 14. O-O Ncxe4 (14... Bxc3 15. Qxc3 Nfxe4 16. Qa3 Nxg5 17.
Nxg5 h6 18. Rac1 Rc8 19. Nf3 $16) (14... a6 $6 15. Bd3 (15. Be2 Ncxe4 16. Nxe4
Bxe4 17. Qc4 Qb7 $13) 15... Nxd3 16. Qxd3 Bxc3 17. Qxc3 Nxe4 $14) 15. Nxe4 Nxe4
$2 (15... Bxe4 16. Qc4 Qc5 (16... Bc5 17. b4 Bd6 18. Bxf6 Bxf3 19. Bd4 Bd5 20.
Qc3 $18) 17. Rac1 Qxc4 (17... Bxf3 18. Qxc5+ $16) 18. Rxc4 Bxf3 19. gxf3 (19.
Rxb4 $14) 19... Bd6 $14) 16. Ne5 $1 $16 Kg8 $8 (16... Qd6 17. Bf4 $18) 17. Be3
Qd6 18. Bc6 $16 (18. Nc6 a6 (18... Nf6 19. Rfd1 Qf8 $1 (19... Nd5 20. Rxd5 Qxd5
(20... exd5 21. Nxb4 Qxb4 22. Qc7 $18) 21. Rd1 $18) 20. Nxb4 Qxb4 21. Rd4 $14)
19. Qxe4 axb5 20. axb5 Rxa1 21. Rxa1 Bc5 22. Qc2 Bxe3 23. Rd1 Bxf2+ 24. Kf1 $18
) 18... Bxc6 19. Nxc6 Nf6 20. Rfd1 Nd5 21. Bxa7 h5 22. Rac1 (22. a5 $5 {/\ Ra4}
) 22... Rh6 23. Rd4 {A threat is - to simplify the position by Nb4.} Bc3 24.
Qxc3 $18 (24. Rxd5 Qxc6 (24... exd5 25. Qxc3 $18) 25. Rc5 Qb7 26. Rxc3 Rg6 27.
Rg3 Rxg3 28. hxg3 Qxa7 $16) 24... Nxc3 25. Rxd6 Ne2+ 26. Kf1 Nxc1 27. b4 e5 (
27... g5 28. b5 f5 29. b6 Rh7 30. Rxe6 Rd7 31. Re7 Rd1+ 32. Re1 Rxe1+ 33. Kxe1
Nd3+ 34. Kd2 Nc5 35. Ke3 Kf7 36. Kd4 Nb7 37. Kd5 Ke8 38. a5 $18) 28. Rxh6 gxh6
29. b5 Nb3 30. Ke2 Na5 (30... Kf8 31. Kd3 Ke8 32. Kc4 Nd2+ 33. Kd5 Kd7 34. a5
$18) 31. Nxa5 Rxa7 32. b6 Ra6 33. b7 Rb6 34. Kd3 f5 35. h4 (35. Kc4 $18) 35...
Kf7 $2 (35... Kg7 36. Kc4 Kf6 37. Kc5 Rb2 38. Kc6 {(threatening Nc4-b6)} Rb4
39. Kc7 e4 40. g3 f4 41. gxf4 Kf5 42. Nc6 $18) 36. Nc6 1-0

[Event "World Women-ch k.o."]
[Site "Moscow"]
[Date "2001.12.14"]
[Round "6.5"]
[White "Zhu, Chen"]
[Black "Kosteniuk, Alexandra"]
[Result "1-0"]
[WhiteElo "2497"]
[BlackElo "2455"]
[Annotator "Kostakiev,D"]
[PlyCount "83"]
[EventDate "2001.11.27"]
[EventType "k.o."]
[EventRounds "6"]
[EventCountry "RUS"]
[SourceTitle "CBM 085 Extra"]
[Source "ChessBase"]
[SourceDate "2002.01.21"]
[SourceVersion "1"]
[SourceVersionDate "2002.01.21"]
[SourceQuality "1"]

1. d4 d5 2. c4 e6 3. Nf3 c6 4. e3 Nf6 (4... f5 $5 {Dolmatov}) 5. Bd3 Nbd7 6.
O-O dxc4 7. Bxc4 b5 $5 {The difference with "Merano Variation" is that here
Nb1 is not developed. This "Pseudo Merano" was used first by Naegeli 1934/HCL.
In spite of the rather poor Black's results (30% only) the attention to it is
growing up marking the boom in 2000.} 8. Bd3 (8. Be2 Bb7 9. a4 b4 10. a5 {
0-1 Minev,N-Fuchs,R/Bad Liebenstein 1963/EXT 2000 (51)}) 8... a6 9. a4 (9. e4 {
Dolmatov} c5 10. d5 e5 11. a4 c4 $13) 9... b4 {If Nb1was already on c3, b5-b4
would win a tempo. Now on the weak point c4 could be ocupied by a light piece.}
(9... bxa4 10. e4 (10. Nc3 {Dolmatov} c5) 10... c5 11. e5 $6 {1-0 Lerner,
K-Borovikov,V/Nikolaev 1995/CBM 47/[Dolmatov] (27)} (11. d5 $5 {Dolmatov})) (
9... Bb7 $5 {Dolmatov} 10. e4 Be7 (10... Qb6 11. Qe2 Be7 12. Bg5 h6 13. Be3 c5
14. axb5 axb5 15. Rxa8+ Bxa8 16. Bxb5 Bxe4 17. Ne5 {1-0 Stahlberg,G-Naegeli,O/
Zuerich 1934/HCL (27)}) 11. Qe2 b4 (11... bxa4 $2 12. Nc3 c5 13. d5 $16 {
Szabo,L-Kolarov,V/Kecskemet/1962/}) (11... O-O 12. Bg5 Re8 13. Nbd2 e5 {
1-0 Pirc,V-Popovic,Z/Novi Sad 1945/HCL (40)}) 12. Rd1 c5 13. dxc5 Qc7 14. Bg5
Nxc5 $15 {Rajkovic,D-Cabrilo,G/YUG/1976/}) 10. e4 (10. Nbd2 c5 11. Qe2 Bb7 12.
Nc4 {1-0 Havasi,K-Sacconi,A/Tatatovaros 1935/EXT 99 (18)}) (10. Qe2 c5 11. Rd1
Bb7 12. e4 {1-0 Markowski,T-Jaracz,P/Warsaw 1995/EXT 99/[Bulletin] (42)}) (10.
b3 c5 11. Bb2 Bb7 12. Nbd2 cxd4 13. Nxd4 Nc5 {1/2-1/2 Ciaffone,R-Fogarasi,N/
North Bay 1996/EXT 98 (40)}) (10. a5 Be7 11. Nbd2 c5 12. Nc4 Bb7 13. Nfe5 O-O
14. Qe2 {1-0 Obukhov,A-Arkhipov,S/Orel 1997/EXT 99 (15)}) 10... c5 (10... Bb7
11. e5 Nd5 12. Bg5 Qb8 {1-0 Barsov,A-Ramesh,R/Ubeda 1999/CBM 68 ext (27)}) (
10... h6 11. Qe2 Bb7 12. Nbd2 Be7 {1-0 Obodchuk,A-Konnov,O/Orsk 2000/EXT 2001 
(40)}) 11. Nbd2 $146 (11. Bg5 Be7 12. Nbd2 cxd4 13. Nc4 h6 14. Bh4 {1/2-1/2
Frias,V-Salazar,H/Santiago 1981/MCL (17)} (14. Bh4 O-O 15. Nxd4 Bb7 16. e5 Ne4
17. Bxe7 {1/2-1/2 Frias,V-Salazar,H/Santiago 1981/MCL (17)})) (11. d5 exd5 12.
exd5 Nb6 (12... Nxd5 13. Qb3 N7f6 14. Bc4 Ra7 15. Bg5 {1-0 Rashkovsky,
N-Yasinsky,V/Elista 1994/CBM 44 (36)}) 13. Ne5 Qxd5 (13... Bd6 $5 14. Re1 O-O
$15) 14. Qe2 Be7 15. a5 {0-1 Chatalbashev,B-Stavrev,N/BUL 1994/TD (26)}) 11...
cxd4 12. e5 Nd5 {[#]} 13. Ne4 $6 {This N wil lbe better dislocated on Q's side
on b3 or c4:} (13. Nb3 Bb7 14. Nbxd4 $11) (13. Nc4 Bc5 14. Ng5) (13. Nxd4 $2
Nxe5 $15) 13... Qc7 $15 14. Bb1 $6 (14. Bg5 Nxe5 15. Nxe5 Qxe5 16. Re1 Qc7 17.
Rc1 Qb6 $15) 14... Nxe5 $17 15. Nxd4 Be7 16. Re1 Bb7 17. Qh5 {[#]} Ng6 $2 (
17... Rc8 $1 $17) 18. Ng5 $11 Bxg5 (18... Nf6 19. Ngxe6 Qxc1 20. Nxg7+ Kf8 21.
Rxc1 Nxh5 22. Nxh5 $14) 19. Bxg6 {->[#]} O-O-O $2 (19... fxg6 20. Qxg5 O-O 21.
Nxe6 Rfe8 22. Bd2 $11) 20. Bxf7 $18 Bf6 (20... g6 21. Bxe6+ $18) 21. Nxe6 Qe7
22. Bd2 g6 23. Nxd8 Qxd8 24. Qg4+ Kb8 25. Bxb4 Nxb4 26. Qxb4 Qd7 27. Bc4 Qc6
28. Bf1 Bd8 29. Rac1 Qf6 30. Qc3 Qf8 31. Qe5+ Ka8 32. b4 Bb6 33. Rc2 Qd8 34. a5
Ba7 35. Rd2 Qc8 36. Rc1 Qf8 37. b5 Bb8 38. Qc3 Qh6 39. g3 Rc8 40. Qxc8 Bxc8 41.
Rxc8 Kb7 42. Rdd8 1-0

[Event "Tashkent FIDE GP 2nd"]
[Site "Tashkent"]
[Date "2012.11.28"]
[Round "6"]
[White "Gelfand, Boris"]
[Black "Mamedyarov, Shakhriyar"]
[Result "1/2-1/2"]
[WhiteElo "2751"]
[BlackElo "2764"]
[Annotator "Krasenkow,M"]
[PlyCount "65"]
[EventDate "2012.11.22"]
[EventType "tourn"]
[EventRounds "11"]
[EventCountry "UZB"]
[EventCategory "20"]
[SourceTitle "CBM 152"]
[Source "ChessBase"]
[SourceDate "2013.01.15"]
[SourceVersion "1"]
[SourceVersionDate "2013.01.15"]
[SourceQuality "1"]

1. d4 d5 2. c4 c6 3. Nf3 Nf6 4. e3 e6 5. Nbd2 Bd6 6. b3 Nbd7 7. Bb2 Qe7 (7...
O-O {is more common}) 8. Ne5 Ba3 {The main idea behind 7...Qe7. Controlling
less space on the board, Black aims for simplifications despite the fact that
his remaining bishop is passive at the moment.} 9. Bxa3 (9. Bc3 c5 10. dxc5
Bxc5 11. Nd3 O-O 12. Be2 {1/2 Koziak,V (2515)-Shkuran,D (2350)/Lviv UKR 2012/
The Week in Chess 919}) 9... Qxa3 10. Bd3 (10. f4 {can be met with} c5 $1 {
, e.g.} 11. Bd3 cxd4 12. exd4 dxc4 13. Nexc4 (13. Ndxc4 Qb4+) 13... Qb4 14. O-O
O-O 15. Qf3 Nb6 16. Ne4 Nxe4 17. Qxe4 g6 18. Rac1 Rd8 19. Rfd1 Nd5 20. Qf3 b6
21. Be4 Bb7 $15 {1-0 Vunder,A (2261)-Burmakin,V (2625)/St Petersburg 2008/CBM
126 Extra (65)}) (10. Qc1 Qa5 11. Nef3 O-O 12. Be2 dxc4 13. Qxc4 Ne4 14. b4
Nxd2 15. bxa5 Nxc4 16. Bxc4 Re8 17. O-O e5 $11 {1-0 Jumabayev,R (2436)-Noroozi,
O (2222)/Novokuznetsk 2008/CBM 123 Extra (54)}) (10. Nxd7 Bxd7 11. Bd3 c5 12.
cxd5 Nxd5 13. dxc5 Qxc5 14. Rc1 Qe7 15. O-O O-O 16. Nf3 Rfc8 $11 {1/2 Schuster,
M (2222)-Offinger,R (2246)/Germany 2010/EXT 2011 (23)}) (10. Nd3 O-O 11. Be2
Qe7 $11 {[%cal Ye6e5]}) 10... Nxe5 11. dxe5 Nd7 12. f4 b6 $146 {Probably the
most logical developing move although practice has seen other continuations
before the present game:} (12... Qc5 $6 13. Qe2 O-O 14. O-O f6 15. cxd5 cxd5
16. Rac1 Qe7 17. Qh5 f5 18. Rc7 Qd8 19. Rfc1 $16 {1-0 Neverov,V (2542)-Slugin,
S (2439)/Lipetsk 2010/CBM 137 Extra (32)}) (12... f5 13. O-O Nc5 14. Nf3 O-O
15. Nd4 Nxd3 16. Qxd3 Bd7 17. Rfd1 Rfd8 18. Qc3 Qe7 19. c5 Be8 20. b4 a6 21. a4
$16 {1-0 Smyslov,V (2530)-Gergs,W/Bad Woerishofen 1991/EXT 1998 (42)}) (12...
Nc5 13. Qc2 b6 14. cxd5 cxd5 15. O-O Bd7 16. Nf3 Nxd3 17. Qxd3 Rc8 18. Qd2 O-O
19. Rfc1 a5 20. Nd4 {[%csl Gd4]} Rfd8 (20... Rc5 $142) 21. Rab1 g6 22. Rxc8
Rxc8 23. Rb2 $14 {1-0 Pavlovic,M (2497)-Dobrov,V (2493)/Caerleon 2006/CBM 113
ext (29)}) 13. cxd5 cxd5 14. O-O g6 (14... Ba6 $4 15. Nb1 Qa5 16. b4) 15. e4 {
White tries to open up the position but his development advantage proves too
insignificant to make use of.} O-O 16. exd5 exd5 17. Nf3 Qb4 (17... Nc5 $5 18.
Be2 Qb2 $132 19. Nd4 $140 Ne4) 18. f5 {This pawn sacrifice doesn't bring White
any benefit. He could have kept some pressure by means of} (18. Be2 $1 {
[%cal Yf3d4]} Qxf4 19. Qxd5 Rb8 {[%cal Yd7c5]} 20. Qd6 $1 Qe3+ 21. Rf2 Qc5 22.
Rd1) 18... Nxe5 19. Nxe5 Qd4+ 20. Kh1 Qxe5 21. Qd2 Bxf5 22. Bxf5 gxf5 23. Rae1
Qf6 24. Qxd5 Rae8 25. Rxe8 Rxe8 26. h3 Qe5 27. Rxf5 {White has levelled the
material balance, and the resulting ending is drawn.} Qxd5 28. Rxd5 Re2 29. a4
Re3 30. Rb5 Kg7 31. a5 bxa5 32. Rxa5 Rxb3 33. Rxa7 1/2-1/2

[Event "EU-Cup 22nd"]
[Site "Fuegen"]
[Date "2006.10.10"]
[Round "3.2"]
[White "Mamedyarov, Shakhriyar"]
[Black "Areshchenko, Alexander"]
[Result "1-0"]
[WhiteElo "2728"]
[BlackElo "2640"]
[Annotator "Krasenkow,M"]
[PlyCount "61"]
[EventDate "2006.10.08"]
[EventType "team-swiss"]
[EventRounds "7"]
[EventCountry "AUT"]
[SourceTitle "CBM 115"]
[Source "ChessBase"]
[SourceDate "2006.11.15"]
[SourceVersion "1"]
[SourceVersionDate "2006.11.15"]
[SourceQuality "1"]
[WhiteTeam "Cheboksary"]
[BlackTeam "Werder Bremen"]
[WhiteTeamCountry "RUS"]
[BlackTeamCountry "GER"]

1. d4 d5 2. c4 c6 3. e3 Nf6 4. Nf3 e6 5. Nbd2 Nbd7 6. Bd3 Bd6 7. O-O O-O 8. e4
e5 {A typical counterblow in this kind of positions.} 9. exd5 cxd5 10. cxd5
exd4 11. Ne4 Nxe4 12. Bxe4 Nc5 (12... Nf6 {is the main theoretical line.}) 13.
Bc2 {An old but quite good move. White wins the d4 pawn anyway.} (13. Qxd4 {
was played more frequently:} Nxe4 14. Qxe4 Re8 (14... Qf6 15. Rd1 Bd7 16. Qd4
Qf5 17. Bd2 Rfe8 18. Re1 b6 19. Bc3 f6 20. a3 Rxe1+ 21. Rxe1 Re8 22. Qd1 Rxe1+
23. Nxe1 Qe4 24. g3 {1/2-1/2 Fominyh,A-Barua,D/Guntur 2000/CBM 077}) 15. Qd4 (
15. Qd3 Qf6 $1) 15... Bf5 16. Bg5 (16. Re1 Qd7 17. Bd2 b6 18. b4 Red8 19. Bc3
f6 20. Rad1 Rac8 {0-1 Schmidt,B-Mittendorf,F/Bad Zwesten 2004/CBM 098 ext (50)}
) 16... f6 (16... Qa5 17. Bd2 Qa6 (17... Qc5 18. Rfe1 Qxd4 19. Nxd4 Bd7 20. Bc3
f6 21. h3 Rac8 22. Rxe8+ Rxe8 23. Rd1 Kf7 24. Nb3 Bb5 25. Na5 Re7 26. Bd4 b6
27. Nc6 Rd7 28. Be3 $16 {1-0 Rashkovsky,N-Kirov,N/Baku 1983/MCL (57)}) 18. Bc3
Bf8 19. Ne5 Rad8 20. Qf4 Bg6 21. Nxg6 hxg6 22. Rfd1 Bc5 $14 23. g3 $6 Re2 24.
Bd4 Bxd4 25. Qxd4 Qf6 26. Qxf6 gxf6 27. b3 Re5 {1/2-1/2 Savchenko,S-Hamdouchi,
H/Montpellier 2005/EXT 2006}) 17. Be3 (17. Bh4 Re4 18. Qd2 Qb6 (18... Bf4 $1
$15) 19. Bg3 Rd8 20. Rad1 Bg6 21. Bxd6 Qxd6 22. Rfe1 b6 23. Qc3 $14 {1/2-1/2
Lazic,M-Kalezic,B/Bar SCG 2006/The Week in Chess 594 (43)}) 17... Qd7 18. Rad1
$6 Re4 19. Qd2 Bg4 20. Nd4 $6 Bxd1 21. Rxd1 Rc8 (21... Bc5 $17) 22. b3 a6 23.
Ne6 $44 {1-0 Ibragimov,I-Pruess,D/Los Angeles 2003/CBM 095 ext (56)}) (13. Bb1
{is harmless:} Bg4 14. b4 Nd7 15. Qd3 g6 16. Bb2 (16. Bh6 $4 Bxf3 17. Bxf8 Ne5
$19 {0-1 Furtuna,A-Ionescu,M/Bucharest 2003/CBM 094 (28)}) 16... Bxf3 17. Qxf3
Qh4 18. g3 Ne5 19. Qe4 $2 (19. Qe2 Qh3 20. Bxd4 Rae8 $44) 19... Qh5 20. f4 Nc4
21. Bc1 $2 Ne3 $2 (21... Rae8 $19) 22. Bxe3 dxe3 23. Qxe3 Qxd5 24. Be4 $11 {
1-0 Chernin,A-Boudre,J/Aubervilliers 1997/EXT 2004 (47)}) 13... d3 $146 {
An unsuccessful attempt of improvement on the stem game Botvinnik-Riumin,
which saw} (13... Bg4 14. Qxd4 Bxf3 15. gxf3 Re8 $1 16. Rd1 $1 (16. Be3 Re5 17.
Qg4 Nd7 18. f4 Nf6 19. Qf3 Rxd5 20. Bb3 $14 {1-0 Karpov,A-Shirov,A/Monte Carlo
1995/CBM 046 ext (43)}) 16... Re2 17. Bf5 g6 18. Bh3 Nd7 19. Be3 Be5 20. Qc4
Rxb2 21. Rac1 (21. d6 $1) 21... Nb6 22. Qe4 Qd6 $2 (22... Bd6) 23. f4 Bg7 24.
Bc5 Qd8 25. Be7 Qe8 26. d6 $18 {1-0 Botvinnik,M-Riumin,N/Moscow 1931/URS-ch/
[Ftacnik] (32)}) 14. Bxd3 Nxd3 15. Qxd3 {We see the position, which arises
after 13.Qxd4, with an extra tempo for White.} Qf6 (15... Re8 $142 16. Bd2 $5)
16. Re1 $16 {As a result, White has seized the e-file.} Bf5 17. Qb3 Qg6 (17...
Rae8 18. Bd2 Bg4 $4 19. Rxe8 Rxe8 20. Qa4) 18. Ne5 Bxe5 {It was probably
unwise to exchange this bishop, which blocks White's passed pawn..} (18... Rfe8
19. Bf4 $16) (18... Qf6 19. Bf4 $16) 19. Rxe5 Rae8 20. Bf4 Rxe5 21. Bxe5 Re8 $6
{Giving up a second pawn without good reason.} (21... b6) 22. Qxb7 f6 23. Bg3
Bb1 {A typical tactical trick (shutting down the white rook) but White can
perfectly do without it for the time being.} 24. h4 Qd3 25. Kh2 Qf1 26. f4 Re3
(26... Re2 27. d6) 27. d6 Rxg3 28. Qb8+ Kf7 29. Qxa7+ Ke6 30. Kxg3 g5 31. Qe3+
1-0